000 00624nam a2200193Ia 4500
001 17119
003 GE_BSU
008 181216s||||||||xx |||||||||||||| ||und||
040 _cGE_BSU
080 _a329.150.1(092)
100 _aჩორდიშვილი,ზაქარია
245 _aზაქარია ჩორდიშვილი (ბიოგრაფია)
260 _aთბილისი
260 _bსახელგამი
260 _c1929
300 _a110გვ.16სმ.
653 _aზაქარია ჩორდიშვილი (ბიოგრაფია)
942 _cBK
999 _c50181
_d50181